Statistics for Geography by First Three Letters #2

Click here to take the quiz!

General Stats

  • This quiz has been taken 15,136 times
  • The average score is 16 of 21

Answer Stats

Letters Category Answer % Correct
CANCountryCanada
100%
HAWUS StateHawaii
97%
INDOceanIndian
96%
MINUS StateMinnesota
91%
ROMWorld CityRome
90%
JAKCapitalJakarta
89%
ABUCapitalAbu Dhabi
87%
GOBDesertGobi
87%
TAJCountryTajikistan
86%
BUDReligionBuddhism
83%
BAVRegionBavaria
80%
TASRegionTasmania
77%
BIGLandmarkBig Ben
71%
VOLRiverVolga
67%
HISIslandHispaniola
65%
BISBayBiscay
62%
CATRegionCatalonia
58%
ZAMRiverZambezi
51%
DENMountainDenali
45%
KENMountainKenya
42%
COLLandmarkColosseum
34%

Score Distribution

Percentile by Number Answered

Percent of People with Each Score

Your Score History

You have not taken this quiz